MARC

LEADER 00000nas a2200000 a 4500
001 ssj0002588
003 WaSeSS
005 20200512172242.0
006 m d
007 cr n
008 100318c18929999nyumr p s 0 0eng c
010 |a  2011263343 
022 |l 0042-8000  |y 0042-8000 
035 |a (WaSeSS)ssj0002588 
037 |a 71D2BBF3-A252-4924-BE39-8FD402429645  |b OverDrive, Inc.  |n http://www.overdrive.com 
040 |a OCLCE  |b eng  |c OCLCE  |d TXA  |d QCL  |d MUQ  |d OCLCQ  |d OCLCF  |d OCLCO  |d TEF  |d OCLCQ  |d DLC  |d WaSeSS 
042 |a dlr  |a pcc 
050 1 4 |a TT500  |b .V7 
082 0 4 |a 646/.34/05  |2 19 
245 0 0 |a Vogue  |h [electronic resource]. 
260 |a New York :  |b The Vogue Company, Condé Nast 
310 |a Monthly,  |b <1997-> 
321 |a Frequency varies,  |b 1892- 
362 1 |a Began with: Vol. 1, no. 1 (Dec. 17, 1892). 
506 |a License restrictions may limit access. 
525 |a Has occasional supplements. 
538 |a Master and use copy. Digital master created according to Benchmark for Faithful Digital Reproductions of Monographs and Serials, Version 1. Digital Library Federation, December 2002.  |u http://purl.oclc.org/DLF/benchrepro0212  |5 MiAaHDL 
580 |a Absorbed: Vanity fair (New York, N.Y.) in Mar. 1936, which resumed publication in Mar. 1983. 
583 1 |a digitized  |c 2010  |h HathiTrust Digital Library  |l committed to preserve  |2 pda  |5 MiAaHDL 
588 |a Description based on: Vol. 61, no. 2 (Jan. 15, 1923)=1207; title from PDF cover (ProQuest, viewed Oct. 3, 2011). 
588 |a Latest issue consulted: Vol. 200, no. 10 (Oct. 2010) (ProQuest, viewed Oct. 3, 2011). 
650 0 |a Dressmaking  |v Periodicals. 
650 0 |a Fashion  |v Periodicals. 
650 6 |a Couture (Profession)  |v Périodiques. 
650 7 |a Dressmaking.  |2 fast  |0 (OCoLC)fst00898000 
650 7 |a Fashion.  |2 fast  |0 (OCoLC)fst00921600 
655 0 |a Electronic journals. 
776 1 |c Original  |w (DLC) 08036997  |w (OCoLC)1769261 
780 1 5 |t Vanity fair (New York, N.Y.)  |g Mar. 1936-Feb. 1983 
856 4 0 |z Full text available from Research Library: 04/01/2005 to present  |u https://search.proquest.com/publication/40648